Hellas und Thessalia

Αποθηκεύτηκε σε:
Λεπτομέρειες βιβλιογραφικής εγγραφής
Κύριος συγγραφέας: Koder, Johannes
Άλλοι συγγραφείς: Hild, Friedrich
Μορφή: Βιβλίο
Γλώσσα:English
Δημοσίευση: Wien : Verlag der Osterreichen Akademie der Wissenscaften, 1976
Σειρά:Tabula Imperii Byzantini ; ; 1
Denkschriften (Osterreichische Akademie der Wissenschaften. Philosophisch-Historische Klasse) ; 125
Θέματα:
Ετικέτες: Προσθήκη ετικέτας
Δεν υπάρχουν, Καταχωρήστε ετικέτα πρώτοι!

MARC

LEADER 00000nam a2200000 i 4500
001 1/2990
008 000516s1976 eng d
020 |a 3700101821 
035 |l 10060639 
040 |a GR-MY-UA  |b gre  |e aacr 
041 0 |a eng 
082 0 |a 938.3 
100 1 |a Koder, Johannes. 
245 1 0 |a Hellas und Thessalia /  |c von Johannes Koder und Friedrich Hild; register von Peter Soustal 
260 |a Wien :   |b Verlag der Osterreichen Akademie der Wissenscaften,   |c 1976 
300 |a 316 p.  |e 2 maps 
490 1 |a Tabula Imperii Byzantini  |v ; 1 
490 1 |a Denkschriften (Osterreichische Akademie der Wissenschaften. Philosophisch-Historische Klasse)  |v ; 125 
504 |a Bibliography: p. 19-33: Includes indexes 
651 0 |a Greece  |x Description and travel. 
651 0 |a Thessaly (Greece)  |x Historical geography. 
651 0 |a Byzantine Empire  |x Gazetteers. 
651 0 |a Greece  |x Gazetteers. 
651 0 |a Thessaly (Greece)  |x Gazeteers. 
700 1 |a Hild, Friedrich. 
830 0 |a Tabula Imperii Byzantini ;  |v ; 1 
830 0 |a Denkschriften (Osterreichische Akademie der Wissenschaften. Philosophisch-Historische Klasse)  |v ; 125 
852 |a INST  |b LESVOS  |e 20000516  |h 938.3 KOD  |p 005100026308  |q 005100026308  |t BK  |y 0 
852 |a INST  |b LESVOS  |e 20000522  |h 938.3 KOD   |p 005100026309  |q 005100026309  |t BK  |y 0 
852 |a INST  |b LESVOS  |e 20000522  |h 938.3 KOD   |p 005100026310  |q 005100026310  |t BK  |y 0 
901 |a BIBL1-2000-2 
909 |a Λ  |b 078100 
909 |a Λ  |b 078828 
909 |a Λ  |b 078829 
922 |a 1ΕΛΗ  |b 200005  |c ΚΠΣ/ΤΚΑ  |d ΠΑΠΑΣΩΤΗΡΙΟΥ 
950 |a 117-1999-11-26 
970 |a ΤΖΑΦΕΡΗ  |b ΕΥΑΓΓΕΛΙΑ  |z 2000/05/21